000 00243nam a2200097Ia 4500
001 689956
005 20250826161807.0
008 250824s9999 xx 000 0 und d
245 0 _aSU ÇÜRÜDÜ/A.TELLİ/EVEREST
_cAHMET TELLİ
260 _bEVEREST
999 _c689956
_d689956